[Event "Dortmund Sparkassen op-B 44th"]
[Site "Dortmund"]
[Date "2016.07.13"]
[Round "5"]
[White "Schmitz, Karl Heinz"]
[Black "Bautz, Volker"]
[Result "1-0"]
[WhiteElo "1583"]
[BlackElo "1816"]
[PlyCount "89"]
[EventDate "2016.07.09"]
[EventType "swiss"]
[EventRounds "9"]
[EventCountry "GER"]
[SourceTitle "CBM 173 Extra"]
[Source "ChessBase"]
[SourceDate "2016.08.29"]
[SourceVersion "1"]
[SourceVersionDate "2016.08.29"]
[SourceQuality "1"]

1. e4 c5 2. b4 cxb4 3. a3 e5 4. axb4 Bxb4 5. c3 Bc5 6. d4 exd4 7. cxd4 Bb4+ 8. Bd2 Bxd2+ 9. Qxd2 d5 10. e5 Ne7 11. Bd3 Nbc6 12. Ne2 Qb6 13. Nbc3 0-0 14. 0-0 Kh8 15. Rfb1 Qd8 16. Nb5 Be6 17. Nd6 b6 18. Rc1 a5 19. Bb5 Nb4 20. f4 Nf5 21. Nxf5 Bxf5 22. Rc3 Rc8 23. Rac1 Rxc3 24. Rxc3 Bd7 25. Bd3 Qb8 26. Bb1 g6 27. Rg3 Rc8 28. f5 Rc6 29. Qh6 Qg8 30. f6 Nc2 31. h4 Bf5 32. Bxc2 Rxc2 33. Nf4 Be4 34. h5 Rc6 35. hxg6 Bxg6 36. Nxd5 Rc8 37. Ne7 Qf8 38. Rxg6 Qxh6 39. Rxh6 Ra8 40. Rh3 b5 41. Rg3 a4 42. Nf5 b4 43. Nh6 Rf8 44. e6 fxe6 45. f7 1-0

[Event "SVR-ch Seniors"]
[Site "Trier"]
[Date "2016.03.19"]
[Round "2"]
[White "Schmitz, Karl Heinz"]
[Black "Baudner, Giselbert"]
[Result "0-1"]
[WhiteElo "1796"]
[BlackElo "1905"]
[PlyCount "114"]
[EventDate "2016.03.19"]
[EventType "tourn"]
[EventRounds "7"]
[EventCountry "GER"]
[SourceTitle "CBM 171 Extra"]
[Source "ChessBase"]
[SourceDate "2016.04.26"]
[SourceVersion "1"]
[SourceVersionDate "2016.04.26"]
[SourceQuality "1"]

1. e4 c5 2. b4 e6 3. bxc5 Bxc5 4. d4 Be7 5. Nf3 d6 6. Bf4 Bd7 7. Nc3 Qa5 8. Bd2 Qd8 9. Be2 a6 10. 0-0 Qc7 11. Ne1 Bf6 12. Nf3 Ne7 13. Re1 Ng6 14. Bd3 0-0 15. Ne2 Nc6 16. Bg5 Bxg5 17. Nxg5 f6 18. Nf3 Nce7 19. h4 h5 20. Qd2 e5 21. d5 Bg4 22. Qe3 b5 23. g3 Rac8 24. Nh2 Bh3 25. Qf3 Kf7 26. Kh1 Rh8 27. Ng1 Bd7 28. Rac1 Qc3 29. Qd1 Qd4 30. Re3 Qa4 31. a3 Qd4 32. Ne2 Qa7 33. Qd2 Ng8 34. Ng1 Nh6 35. f3 Ne7 36. Ne2 g6 37. f4 Bg4 38. fxe5 dxe5 39. Ng1 Qd7 40. Rf1 Kg7 41. Qf2 Rhf8 42. Qd2 Qd6 43. Be2 Bxe2 44. Nxe2 f5 45. Ref3 Rc4 46. exf5 Nexf5 47. Rb3 Rfc8 48. c3 Ng4 49. Nf3 Nge3 50. Re1 R8c5 51. Rbb1 Rxd5 52. Qc1 Rdc5 53. Neg1 Rxc3 54. Qb2 Rc2 55. Qb4 Qe6 56. Ne2 R2c4 57. Ng5 Qd5+ 0-1

[Event "Dortmund Sparkassen op-B"]
[Site "Dortmund"]
[Date "2015.07.02"]
[Round "6"]
[White "Bonath, Michael Alexander"]
[Black "Schmitz, Karl Heinz"]
[Result "1-0"]
[WhiteElo "1717"]
[BlackElo "1591"]
[PlyCount "47"]
[EventDate "2015.06.27"]
[EventType "swiss"]
[EventRounds "9"]
[EventCountry "GER"]
[SourceTitle "CBM 167 Extra"]
[Source "ChessBase"]
[SourceDate "2015.09.14"]
[SourceVersion "1"]
[SourceVersionDate "2015.09.14"]
[SourceQuality "1"]

1. d4 Nf6 2. c4 e5 3. dxe5 Ng4 4. Bf4 Nc6 5. Nf3 Bb4+ 6. Nbd2 Qe7 7. a3 Bxd2+ 8. Qxd2 Ngxe5 9. Nxe5 Nxe5 10. e3 d6 11. Be2 Be6 12. Qb4 b6 13. Rd1 a5 14. Qc3 f6 15. 0-0 Bd7 16. Bg3 h5 17. h3 0-0-0 18. b4 a4 19. Rb1 Kb7 20. Rfc1 c5 21. bxc5 dxc5 22. Qa5 Qe6 23. Bxe5 fxe5 24. Bf3+ 1-0

[Event "Dortmund Sparkassen op-B"]
[Site "Dortmund"]
[Date "2015.06.28"]
[Round "2"]
[White "Lueckerath, Moritz"]
[Black "Schmitz, Karl Heinz"]
[Result "1-0"]
[WhiteElo "1823"]
[BlackElo "1591"]
[PlyCount "61"]
[EventDate "2015.06.27"]
[EventType "swiss"]
[EventRounds "9"]
[EventCountry "GER"]
[SourceTitle "CBM 167 Extra"]
[Source "ChessBase"]
[SourceDate "2015.09.14"]
[SourceVersion "1"]
[SourceVersionDate "2015.09.14"]
[SourceQuality "1"]

1. e4 e5 2. Nf3 Nc6 3. Bb5 d6 4. d4 Bd7 5. Nc3 a6 6. Bxc6 bxc6 7. dxe5 Bg4 8. exd6 cxd6 9. h3 Bh5 10. Qd3 Be7 11. Bf4 Bg6 12. Qe3 Qa5 13. 0-0 h5 14. Rfd1 Rd8 15. Rd4 Qc7 16. Rad1 Nh6 17. Qd3 f5 18. Bxd6 Bxd6 19. Rxd6 Ke7 20. Rxd8 Rxd8 21. Qxd8+ Qxd8 22. Rxd8 Kxd8 23. Ne5 Be8 24. Kf1 Ke7 25. Ke2 Ke6 26. f4 fxe4 27. Nxe4 Kd5 28. Kd3 Nf7 29. Nxf7 Bxf7 30. c4+ Ke6 31. Ng5+ 1-0

[Event "Dortmund Sparkassen op-B"]
[Site "Dortmund"]
[Date "2014.07.19"]
[Round "8"]
[White "Schmitz, Karl Heinz"]
[Black "Ziabari, Morteza"]
[Result "0-1"]
[WhiteElo "1705"]
[BlackElo "1874"]
[PlyCount "60"]
[EventDate "2014.07.12"]
[EventType "swiss"]
[EventRounds "9"]
[EventCountry "GER"]
[SourceTitle "EXT 2022"]
[Source "ChessBase"]
[SourceDate "2021.10.06"]
[SourceVersion "1"]
[SourceVersionDate "2021.10.06"]
[SourceQuality "1"]

1. e4 b6 2. Nc3 Bb7 3. d4 Nf6 4. d5 e6 5. dxe6 fxe6 6. Bd3 Bb4 7. Bg5 d6 8. Nge2 h6 9. Bd2 Nbd7 10. a3 Bxc3 11. Nxc3 Nc5 12. Qe2 Nxd3+ 13. Qxd3 Qe7 14. 0-0 a5 15. Rfe1 0-0 16. Re2 Ba6 17. Qf3 Bxe2 18. Nxe2 d5 19. exd5 Nxd5 20. Qg3 Qf6 21. Rf1 Rf7 22. b3 e5 23. c4 Nf4 24. Nc3 Rd8 25. Qe3 Rd3 26. Qe1 Qg6 27. g3 Nh3+ 28. Kg2 Qg4 29. Be3 Qf3+ 30. Kxh3 Rf5 0-1

[Event "Dortmund Sparkassen op-B"]
[Site "Dortmund"]
[Date "2014.07.17"]
[Round "6"]
[White "Schmitz, Karl Heinz"]
[Black "Wichtrup, Jan Louis"]
[Result "0-1"]
[WhiteElo "1705"]
[BlackElo "1771"]
[PlyCount "60"]
[EventDate "2014.07.12"]
[EventType "swiss"]
[EventRounds "9"]
[EventCountry "GER"]
[SourceTitle "EXT 2022"]
[Source "ChessBase"]
[SourceDate "2021.10.06"]
[SourceVersion "1"]
[SourceVersionDate "2021.10.06"]
[SourceQuality "1"]

1. e4 e5 2. Nf3 Nc6 3. Nc3 Nf6 4. Bc4 Nxe4 5. Bxf7+ Kxf7 6. Nxe4 d5 7. Neg5+ Kg8 8. d3 h6 9. Nh3 Bg4 10. Nhg1 e4 11. h3 Bh5 12. g4 Bg6 13. dxe4 Bxe4 14. c3 Kh7 15. h4 Bc5 16. h5 Rf8 17. Rh3 Qd7 18. Nd4 Nxd4 19. cxd4 Bb4+ 20. Bd2 Bxd2+ 21. Qxd2 Qxg4 22. Rg3 Qxh5 23. Ne2 Bf3 24. Qd3+ Kh8 25. Ng1 Rae8+ 26. Kd2 Be4 27. Qc3 Rxf2+ 28. Ke3 Qf5 29. Nf3 Rxf3+ 30. Rxf3 Qxf3+ 0-1

[Event "Dortmund Sparkassen op-B"]
[Site "Dortmund"]
[Date "2014.07.12"]
[Round "1"]
[White "Stratmann, Alois"]
[Black "Schmitz, Karl Heinz"]
[Result "0-1"]
[WhiteElo "1680"]
[BlackElo "1705"]
[PlyCount "106"]
[EventDate "2014.07.12"]
[EventType "swiss"]
[EventRounds "9"]
[EventCountry "GER"]
[SourceTitle "EXT 2022"]
[Source "ChessBase"]
[SourceDate "2021.10.06"]
[SourceVersion "1"]
[SourceVersionDate "2021.10.06"]
[SourceQuality "1"]

1. c4 Nf6 2. Nf3 e6 3. g3 Nc6 4. Bg2 e5 5. d3 Bc5 6. 0-0 d6 7. Bg5 g6 8. Bxf6 Qxf6 9. Nbd2 Bf5 10. a3 g5 11. b4 Bb6 12. Nb3 a6 13. Nfd2 Nd8 14. Ne4 Bxe4 15. Bxe4 c6 16. e3 Qe7 17. Qf3 Rc8 18. Bf5 Rc7 19. Rae1 Ne6 20. Be4 h5 21. Qd1 Ng7 22. d4 f5 23. Bg2 h4 24. c5 dxc5 25. dxc5 Ba7 26. Na5 e4 27. Nc4 Rd7 28. Qb3 Rd3 29. Qb2 Bb8 30. Rd1 hxg3 31. fxg3 Rxd1 32. Rxd1 Rh6 33. Rd6 Bxd6 34. Nxd6+ Kf8 35. Nc4 Ne8 36. Qe5 Qxe5 37. Nxe5 Re6 38. Nc4 Ng7 39. Bf1 Ke8 40. Nd6+ Kd8 41. Bc4 Kc7 42. Kf2 b6 43. Be2 bxc5 44. bxc5 Re5 45. Nf7 Rxc5 46. Nxg5 Ra5 47. Nf7 Rxa3 48. Ne5 Ra2 49. h3 a5 50. g4 fxg4 51. hxg4 a4 52. Nc4 a3 53. Ke1 Rxe2+ 0-1

[Event "Dortmund Sparkassen op-B"]
[Site "Dortmund"]
[Date "2013.08.03"]
[Round "8"]
[White "Yangibayev, Rustam"]
[Black "Schmitz, Karl Heinz"]
[Result "0-1"]
[WhiteElo "1476"]
[BlackElo "1705"]
[PlyCount "64"]
[EventDate "2013.07.27"]
[EventType "swiss"]
[EventRounds "9"]
[EventCountry "GER"]
[SourceTitle "EXT 2022"]
[Source "ChessBase"]
[SourceDate "2021.10.06"]
[SourceVersion "1"]
[SourceVersionDate "2021.10.06"]
[SourceQuality "1"]

1. d4 Nf6 2. Nf3 e6 3. Bf4 b6 4. Nc3 Bb7 5. Nb5 Nd5 6. Bg3 a6 7. Nc3 Nxc3 8. bxc3 Nc6 9. c4 Bb4+ 10. Nd2 Nxd4 11. e3 Nf5 12. Be5 f6 13. Bb2 Qe7 14. a3 Bd6 15. e4 Nh6 16. Bd3 Nf7 17. 0-0 Be5 18. c3 h5 19. a4 Bxh2+ 20. Kh1 Bd6 21. Nf3 g5 22. Nd4 c5 23. Nf3 g4 24. Nh4 f5 25. Ng6 Qg5 26. exf5 Rg8 27. Kg1 Rxg6 28. fxg6 Qh4 29. gxf7+ Kxf7 30. f4 g3 31. Re1 Qh2+ 32. Kf1 Qxg2# 0-1

[Event "Dortmund op-B"]
[Site "Dortmund"]
[Date "2009.07.12"]
[Round "9"]
[White "Schmitz, Karl Heinz"]
[Black "Stoer, Nathan"]
[Result "0-1"]
[WhiteElo "1683"]
[BlackElo "1482"]
[PlyCount "59"]
[EventDate "2009.07.04"]
[EventType "swiss"]
[EventRounds "9"]
[EventCountry "GER"]
[SourceTitle "EXT 2012"]
[Source "ChessBase"]
[SourceDate "2011.11.24"]
[SourceVersion "1"]
[SourceVersionDate "2011.11.24"]
[SourceQuality "1"]

1. e4 e6 2. d4 d5 3. exd5 exd5 4. Nc3 Bb4 5. Qf3 Nf6 6. Bg5 Bxc3+ 7. bxc3 Nbd7 8. Bd3 h6 9. Bh4 0-0 10. Bg3 Re8+ 11. Ne2 Nb6 12. h3 Ne4 13. 0-0 Nd2 14. Qf4 Nxf1 15. Rxf1 c6 16. h4 Be6 17. Kh2 Rc8 18. Ng1 Qe7 19. Re1 Qa3 20. Re5 Nd7 21. Rh5 f5 22. Nf3 Nf6 23. Rxf5 Bxf5 24. Bxf5 Rcd8 25. Ne5 Qxc3 26. Ng6 Qa5 27. Kh3 Nh5 28. Qg4 Nxg3 29. fxg3 Qe1 30. Nf4 0-1

[Event "Dortmund op-B"]
[Site "Dortmund"]
[Date "2009.07.11"]
[Round "8"]
[White "Reisberg, Andre"]
[Black "Schmitz, Karl Heinz"]
[Result "1-0"]
[WhiteElo "1560"]
[BlackElo "1683"]
[PlyCount "145"]
[EventDate "2009.07.04"]
[EventType "swiss"]
[EventRounds "9"]
[EventCountry "GER"]
[SourceTitle "EXT 2012"]
[Source "ChessBase"]
[SourceDate "2011.11.24"]
[SourceVersion "1"]
[SourceVersionDate "2011.11.24"]
[SourceQuality "1"]

1. d4 Nf6 2. Nf3 Nc6 3. c4 d6 4. Nc3 Bg4 5. e3 e5 6. Be2 exd4 7. Nxd4 Bxe2 8. Ndxe2 Qd7 9. 0-0 Rd8 10. Nf4 Be7 11. b3 a6 12. Bb2 0-0 13. Qf3 Qg4 14. Qxg4 Nxg4 15. Ncd5 Rd7 16. Nxe7+ Nxe7 17. Rad1 Rfd8 18. Nh5 f6 19. Nf4 Kf7 20. Rd4 c5 21. Rd2 b5 22. Rc1 Nc6 23. Nd5 Rc8 24. cxb5 axb5 25. Nc3 Na7 26. Ne2 Rcd8 27. Rcd1 Nh6 28. Nc3 Nf5 29. Ne4 Ke6 30. Ba3 b4 31. Bb2 h5 32. a3 Nc6 33. a4 Na5 34. Rd3 Nb7 35. Rc1 Ne7 36. Ng3 h4 37. Nh5 Ng8 38. Nf4+ Kf7 39. Rcd1 Ne7 40. e4 g6 41. Kf1 Nc6 42. Nd5 Ne5 43. Bxe5 dxe5 44. Nxb4 Rd4 45. Rxd4 Rxd4 46. Rxd4 exd4 47. Nd3 Ke6 48. Ke2 Kd6 49. f3 Na5 50. b4 cxb4 51. Nxb4 Kc5 52. Nd3+ Kd6 53. Nb2 Kc5 54. Kd3 Nc6 55. f4 g5 56. g3 hxg3 57. hxg3 g4 58. Nd1 Nb4+ 59. Kd2 Kc4 60. Nf2 Na6 61. Nd3 Kb3 62. a5 Ka4 63. e5 fxe5 64. Nxe5 Nc5 65. a6 Nxa6 66. Kd3 Nc7 67. Kxd4 Kb4 68. Nxg4 Kb5 69. Ke5 Kc6 70. Nf6 Nb5 71. g4 Kc5 72. g5 Nd6 73. g6 1-0

[Event "Dortmund op-B"]
[Site "Dortmund"]
[Date "2009.07.06"]
[Round "3"]
[White "Schmitz, Karl Heinz"]
[Black "Backes, Juergen"]
[Result "0-1"]
[WhiteElo "1683"]
[BlackElo "1474"]
[PlyCount "110"]
[EventDate "2009.07.04"]
[EventType "swiss"]
[EventRounds "9"]
[EventCountry "GER"]
[SourceTitle "EXT 2012"]
[Source "ChessBase"]
[SourceDate "2011.11.24"]
[SourceVersion "1"]
[SourceVersionDate "2011.11.24"]
[SourceQuality "1"]

1. e4 g6 2. Nf3 Bg7 3. Bc4 e6 4. d4 Ne7 5. Nc3 b6 6. Bf4 Bb7 7. Qe2 d6 8. 0-0-0 a5 9. Ng5 Ba6 10. Nb5 Bxb5 11. Bxb5+ c6 12. Bc4 d5 13. exd5 cxd5 14. Qf3 0-0 15. Bb5 h6 16. Nh3 Nbc6 17. Qe3 Nf5 18. Qd2 Ncxd4 19. Bd3 Qf6 20. c3 Rfc8 21. Kb1 Nc6 22. g4 Nh4 23. g5 hxg5 24. Bxg5 Nf3 25. Bxf6 Nxd2+ 26. Rxd2 Bxf6 27. f4 Kg7 28. Rg2 Rh8 29. Nf2 Rh4 30. f5 Ne5 31. Be2 Rd8 32. fxe6 fxe6 33. h3 Kf7 34. Rf1 Rg8 35. Bd1 Rf4 36. Rfg1 Nc4 37. Ng4 Rh8 38. Nxf6 Rxf6 39. Rg3 Rf2 40. Bc2 g5 41. Kc1 g4 42. Rxg4 Rxh3 43. Rg7+ Kf6 44. R7g6+ Ke5 45. Re1+ Re3 46. Rgg1 Ree2 47. Rxe2+ Rxe2 48. Kd1 Re3 49. Kc1 Re2 50. Kd1 Rf2 51. Kc1 Ne3 52. Re1 Rxc2+ 53. Kb1 Kf4 54. Rxe3 Rxb2+ 55. Kxb2 Kxe3 0-1

[Event "Dortmund Sparkassen op-B"]
[Site "Dortmund"]
[Date "2008.07.05"]
[Round "8"]
[White "Schmitz, Karl Heinz"]
[Black "Weiss, Manfred"]
[Result "0-1"]
[WhiteElo "1681"]
[BlackElo "1472"]
[PlyCount "70"]
[EventDate "2008.06.30"]
[EventType "swiss"]
[EventRounds "9"]
[EventCountry "GER"]
[SourceTitle "EXT 2022"]
[Source "ChessBase"]
[SourceDate "2021.10.06"]
[SourceVersion "1"]
[SourceVersionDate "2021.10.06"]
[SourceQuality "1"]

1. e4 c5 2. b4 cxb4 3. a3 bxa3 4. Nxa3 e6 5. Bb2 Nc6 6. Nf3 d6 7. d4 d5 8. exd5 Qxd5 9. Bc4 Qd8 10. d5 exd5 11. Qxd5 Qe7+ 12. Kf1 Nf6 13. Qd3 Be6 14. Re1 Qd7 15. Qf5 Be7 16. Bxe6 fxe6 17. Rxe6 0-0-0 18. g3 Rhe8 19. Nb5 a6 20. Nbd4 g6 21. Qh3 h5 22. Nxc6 bxc6 23. Ne5 Qd1+ 24. Kg2 Qd5+ 25. Nf3 Ng4 26. Re3 Bc5 27. Rd3 Qe4 28. Re1 Qf5 29. Rxe8 Rxe8 30. Bd4 Bxd4 31. Rxd4 Re2 32. Qh4 Rxf2+ 33. Kg1 Rf1+ 34. Kxf1 Qxf3+ 35. Kg1 Qf2+ 0-1

[Event "Dortmund Sparkassen op-B"]
[Site "Dortmund"]
[Date "2008.07.01"]
[Round "2"]
[White "Schmitz, Karl Heinz"]
[Black "Coenen, Siegfried"]
[Result "1-0"]
[WhiteElo "1681"]
[BlackElo "1883"]
[PlyCount "95"]
[EventDate "2008.06.30"]
[EventType "swiss"]
[EventRounds "9"]
[EventCountry "GER"]
[SourceTitle "EXT 2022"]
[Source "ChessBase"]
[SourceDate "2021.10.06"]
[SourceVersion "1"]
[SourceVersionDate "2021.10.06"]
[SourceQuality "1"]

1. e4 Nf6 2. Nc3 e5 3. Bc4 Nc6 4. Nf3 Nxe4 5. Bxf7+ Kxf7 6. Nxe4 Be7 7. d4 d5 8. Neg5+ Kg8 9. dxe5 h6 10. Nh3 Bg4 11. Nf4 d4 12. Ng6 Bb4+ 13. Bd2 Bxf3 14. gxf3 Bxd2+ 15. Qxd2 Rh7 16. Qd3 Qd5 17. Qb3 Qxb3 18. axb3 Kf7 19. Rg1 Re8 20. f4 Ke6 21. Ke2 a6 22. Kf3 Kd5 23. Rad1 h5 24. Rg5 Nd8 25. e6+ Kc6 26. f5 Kd5 27. Kf4 b6 28. c4+ Kc5 29. f6+ Kb4 30. f7 Rxe6 31. f8Q+ Rd6 32. Rxd4 Ne6+ 33. Ke5 Nxf8 34. Nxf8 Rh8 35. Ne6 Rxd4 36. Nxd4 c5 37. Ne6 Kxb3 38. Kd5 Kxb2 39. Rxg7 b5 40. cxb5 axb5 41. Nxc5 Kc3 42. Rg3+ Kc2 43. Rh3 Rd8+ 44. Kc6 b4 45. Rf3 Kd1 46. Ne6 Rb8 47. Rb3 h4 48. Kc7 1-0